01080nam a22001817a 4500003000400000005001700004008004100021082001600062100002100078245006500099250001400164260005300178300003300231490006800264520045400332650009200786700002000878OSt20260406094625.0260406b |||||||| |||| 00| 0 esp d 2 9586771229 aZamora Editores. aBiblioteca Práctica de Consulta del Nuevo Milenio Física avolumen 8 aBogotá, Colombiab Zamora Editores.c2000-2001 a252 páginas.c 21 x 14 cm. 3Tapa rústica de cartulina con acabado plastificado brillante  aMecánica: Cinemática (movimiento), dinámica (fuerzas), leyes de Newton, trabajo, potencia y energía. Termodinámica: Calor, temperatura y las leyes de los gases. Electricidad y Magnetismo: Cargas eléctricas, circuitos, corrientes y magnetismo. Óptica y Acústica: El comportamiento de la luz (reflexión, refracción) y las propiedades del sonido. Física Moderna: Breve introducción a la estructura atómica y energía nuclear. aFísica.vProblemas, ejercicios, etc. / Estudio y enseñanza.ySiglo XXI.zSiglo XXI. aZamora Editores